Statistiques concernant Les différentes classes de Dofus

Cliquez ici pour prendre le quiz!

Statistiques générales

  • Ce quiz a été pris 1 044 fois
  • Le résultat moyen est 15 sur 17

Statistiques - réponses

SymboleClasse% Correct
L'étendue deCrâ
97%
Le coeur d'Iop
97%
Le sablier deXélor
96%
Les doigts d'Enutrof
95%
Le fouet d'Osamodas
94%
Le bouclierFéca
93%
Le sang deSacrieur
93%
La pièce d'Ecaflip
92%
L'ombre deSram
92%
Les mains d'Eniripsa
91%
La chopine dePandawa
90%
Le soulier deSadida
88%
Le masque duZobal
87%
La vapeur duSteamer
84%
Le portailEliotrope
83%
La ruse duRoublard
83%
La rune de l'Huppermage
67%

Distribution des résultats

Percentile par nombre de réponses

% des personnes avec chaque résultat

Votre développement - résultats

Vous n’avez pas pris ce quiz